|
|
|
|
| LEADER |
00000nas a22000007a 4500 |
| 001 |
ssj0000357 |
| 003 |
WaSeSS |
| 005 |
20200512172242.0 |
| 006 |
m d |
| 007 |
cr n |
| 008 |
980209c19799999enkqr p s 0 a0eng c |
| 010 |
|
|
|a 2007212684
|
| 015 |
|
|
|a GBB736585
|2 bnb
|
| 016 |
7 |
|
|a 015328831
|2 Uk
|
| 022 |
|
|
|a 1939-0130
|l 0194-4363
|y 0194-4363
|
| 030 |
|
|
|a JAPAD9
|
| 035 |
|
|
|a (WaSeSS)ssj0000357
|
| 037 |
|
|
|b Taylor & Francis, 4 Park Square, Milton Park, Abingdon, Oxon, OX14 4RN
|
| 040 |
|
|
|a FGA
|b eng
|c FGA
|d OCL
|d OCLCQ
|d NSD
|d VRC
|d CFI
|d OCLCQ
|d OCLCE
|d UKMGB
|d OCLCQ
|d OCLCO
|d OCLCQ
|d TXA
|d OCLCF
|d OCLCO
|d OCLCQ
|d WT2
|d DLC
|d NLE
|d OCLCQ
|d TOF
|d AU@
|d CNTRU
|d SFB
|d CNMTR
|d OCLCQ
|d WaSeSS
|
| 042 |
|
|
|a nsdp
|a pcc
|
| 050 |
0 |
0 |
|a HD87.5
|
| 050 |
0 |
4 |
|a NA9000
|b .A45
|
| 082 |
1 |
0 |
|a 361.6
|2 14
|
| 130 |
0 |
|
|a Journal of the American Planning Association (Online)
|
| 222 |
|
0 |
|a Journal of the American Planning Association
|b (Online)
|
| 245 |
1 |
0 |
|a Journal of the American Planning Association
|h [electronic resource].
|
| 246 |
1 |
|
|a JAPA
|
| 246 |
1 |
|
|a APA journal
|
| 260 |
|
|
|a [Chicago, IL] :
|b [American Planning Association],
|c [1979]-
|
| 310 |
|
|
|a Quarterly
|
| 362 |
1 |
|
|a Began with: Vol. 45, no. 1 (Jan. 1979).
|
| 506 |
|
|
|a License restrictions may limit access.
|
| 538 |
|
|
|a Mode of access: World Wide Web.
|
| 588 |
0 |
|
|a Vol. 45, no. 1 (Jan. 1979); title from issue table of contents (Taylor & Francis, viewed Nov. 19, 2012).
|
| 588 |
1 |
|
|a Vol. 83, issue 4 (Oct. 2017) (Taylor & Francis Online viewed November 27, 2017).
|
| 650 |
|
0 |
|a Planning
|v Periodicals.
|
| 650 |
|
0 |
|a City planning
|v Periodicals.
|
| 650 |
|
0 |
|a Regional planning
|v Periodicals.
|
| 650 |
|
6 |
|a Urbanisme
|v Périodiques.
|
| 650 |
|
6 |
|a Aménagement du territoire
|v Périodiques.
|
| 650 |
|
7 |
|a City planning.
|2 fast
|0 (OCoLC)fst00862177
|
| 650 |
|
7 |
|a Planning.
|2 fast
|0 (OCoLC)fst01065224
|
| 650 |
|
7 |
|a Regional planning.
|2 fast
|0 (OCoLC)fst01093120
|
| 650 |
1 |
7 |
|a Ruimtelijke ordening.
|2 gtt
|
| 650 |
1 |
7 |
|a URBAN PLANNING.
|2 unbist
|
| 650 |
1 |
7 |
|a REGIONAL PLANNING.
|2 unbist
|
| 650 |
1 |
7 |
|a PROGRAMME PLANNING.
|2 unbist
|
| 650 |
1 |
7 |
|a ECONOMIC PLANNING.
|2 unbist
|
| 650 |
1 |
7 |
|a SOCIAL PLANNING.
|2 unbist
|
| 655 |
|
0 |
|a Electronic journals.
|
| 710 |
2 |
|
|a American Planning Association.
|
| 710 |
2 |
|
|a Taylor & Francis.
|
| 776 |
0 |
8 |
|i Print version:
|a American Planning Association.
|t Journal of the American Planning Association
|x 0194-4363
|w (DLC) 79640321
|w (OCoLC)4626214
|
| 780 |
0 |
0 |
|t Journal of the American Institute of Planners
|w (OCoLC)676719590
|
| 850 |
|
|
|a DLC
|
| 856 |
4 |
0 |
|z Full text available from Research Library: 01/01/1988 to 04/30/2010
|u https://search.proquest.com/publication/41477
|